000
00201 a2200097 4500
001
11363
100
_a
Boyd A
245
_a
An Atlas of world Affairs
260
_a
_b
Methclen
_c
090
_c
8912
_d
8912
942
_a
NUST-CAE
_c
M
_c
35725
999
_c
246436
_d
246436